Lý thuyết điều khiển tự động thông thường và hiện đại

Khái niệm cơ bản về lí thuyết điều khiển tự động. Các tiêu chuẩn thường dùng như Hurwitz, Routh, Nyquist để khảo sát ổn định các hệ điều khiển. Phương pháp xác định cấu trúc và thông số các đối tượng. Khái niệm về chất lượng hệ đ...

Mô tả đầy đủ

Đã lưu trong:
Chi tiết về thư mục
Tác giả chính: Nguyễn, Thương Ngô
Định dạng: Sách
Ngôn ngữ:Undetermined
Được phát hành: Hà Nội Khoa học và Kỹ thuật 2009
Những chủ đề:
Các nhãn: Thêm thẻ
Không có thẻ, Là người đầu tiên thẻ bản ghi này!
Thư viện lưu trữ: Trung tâm Học liệu Trường Đại học Cần Thơ
LEADER 01313nam a2200205Ia 4500
001 CTU_161943
008 210402s9999 xx 000 0 und d
020 |c 69000 
082 |a 629.8 
082 |b Ng450/Q.1 
100 |a Nguyễn, Thương Ngô 
245 0 |a Lý thuyết điều khiển tự động thông thường và hiện đại 
245 0 |c Nguyễn Thương Ngô 
260 |a Hà Nội 
260 |b Khoa học và Kỹ thuật 
260 |c 2009 
520 |a Khái niệm cơ bản về lí thuyết điều khiển tự động. Các tiêu chuẩn thường dùng như Hurwitz, Routh, Nyquist để khảo sát ổn định các hệ điều khiển. Phương pháp xác định cấu trúc và thông số các đối tượng. Khái niệm về chất lượng hệ điều khiển tự động. Tổng hợp các hệ điều khiển tự động. Phương pháp biểu trạng thái đối với các hệ điều khiển tự động 
650 |a Automatic controls,Control theory,Điều khiển tự động,Lý thuyết điều khiển 
904 |i Trọng Hải 
980 |a Trung tâm Học liệu Trường Đại học Cần Thơ